000 00891nam a22002177a 4500
003 BUBTL
008 220517b ||||| |||| 00| 0 eng d
020 _a9789849178026
082 _a891.443/ B2233u/ 2015
100 _94566
_aবন্দোপাধ্যায়, তারাশঙ্কর
245 _a১৯৭১ /
_cতারাশঙ্কর বন্দোপাধ্যায়
250 _a1st Edn.
260 _aDhaka:
_bDaily Star Books,
_cc2015
300 _a163 p.:
_c18 cm.
505 _a১৯৭১, তারাশঙ্কর বন্দোপাধ্যায়, বাংলা সাহিত্য, মুক্তিযুদ্ধ
650 0 _91687
_aবাংলা সাহিত্য
650 0 _91755
_aমুক্তিযুদ্ধ
856 _k0
_l0
_yDownload
942 _2ddc
_cBK
999 _c6704
_d6704